The grand canal of China

Bibliographic Details
Format: Book
Subjects:

MARC

LEADER 00000cam a2200000 7i4500
001 0000026310
002 000028370
005 20000330.0
020 |a 9621000254 
090 0 0 |a 915.104   |b GRA 
245 1 4 |a The grand canal of China 
300 |a 251p. :   |b ill ;   |c 28cm. 
651 0 |a China   |x Canal 
999 |a 0002858   |b BUKU   |c PINJAMAN   |e PERPUSTAKAAN KOMUNITI PETALING JAYA